Innovations in health service delivery : (Record no. 53156)
[ view plain ]
| 000 -LEADER | |
|---|---|
| fixed length control field | 00931nam a2200253 a 4500 |
| 001 - CONTROL NUMBER | |
| control field | 53156 |
| 003 - CONTROL NUMBER IDENTIFIER | |
| rucl marc code | BD-RjUL |
| 005 - DATE AND TIME OF LATEST TRANSACTION | |
| control field | 20211209075923.0 |
| 008 - FIXED-LENGTH DATA ELEMENTS--GENERAL INFORMATION | |
| fixed length control field | 161003s2003 us a b 001 0 eng |
| 020 ## - INTERNATIONAL STANDARD BOOK NUMBER | |
| International Standard Book Number | 0821344943 |
| 035 ## - SYSTEM CONTROL NUMBER | |
| System control number | (BD-RjUL)53276 |
| 040 ## - CATALOGING SOURCE | |
| Original cataloging agency | DLC |
| Transcribing agency | DLC |
| Modifying agency | BD-RjUL |
| Language of cataloging | eng |
| 041 ## - LANGUAGE CODE | |
| Language code of text/sound track or separate title | eng |
| 082 00 - DEWEY DECIMAL CLASSIFICATION NUMBER | |
| Edition number | 23 |
| Classification number | 362.11091724 |
| Author mark and year | INN 2003 |
| 245 00 - TITLE STATEMENT | |
| Title | Innovations in health service delivery : |
| Remainder of title | the corporatization of public hospitals / |
| Statement of responsibility, etc. | edited by Alexander S. Preker, April Harding, |
| 260 ## - PUBLICATION, DISTRIBUTION, ETC. (IMPRINT) | |
| Place of publication, distribution, etc. | Washington, D.C. : |
| Name of publisher, distributor, etc. | World Bank, |
| Date of publication, distribution, etc. | c2003. |
| 300 ## - PHYSICAL DESCRIPTION | |
| Pagination | xx, 618 p. : |
| Illustrations | ill. ; |
| Size | 22 cm. |
| 504 ## - BIBLIOGRAPHY, ETC. NOTE | |
| Bibliography, etc | Includes bibliographical references and index. |
| 650 #0 - SUBJECT ADDED ENTRY--TOPICAL TERM | |
| Topical term or geographic name as entry element | Hospitals |
| Geographic subdivision | Developing countries |
| General subdivision | Administration. |
| 9 (RLIN) | 158892 |
| Topical term or geographic name as entry element | Hospitals |
| Geographic subdivision | Developing countries |
| General subdivision | Administration |
| Form subdivision | Case studies. |
| 9 (RLIN) | 158893 |
| 700 1# - ADDED ENTRY--PERSONAL NAME | |
| Personal name | Preker, Alexander S., |
| Dates associated with a name | 1951- |
| Personal name | Harding, April, |
| Dates associated with a name | 1964- |
| 942 ## - ADDED ENTRY ELEMENTS (KOHA) | |
| Source of classification or shelving scheme | Dewey Decimal Classification |
| Koha item type | Books |
| Lost status | Source of classification or shelving scheme | Damaged status | Not for loan | Collection code | Permanent Location | Current Location | Shelving location | Date acquired | Source of acquisition | Cost, normal purchase price | Total Checkouts | Full call number | Date last seen | Copy number | Koha item type |
|---|---|---|---|---|---|---|---|---|---|---|---|---|---|---|---|
| Dewey Decimal Classification | Non-fiction | Central Library, University of Rajshahi | Central Library, University of Rajshahi | 28/05/2006 | Dhaka,Paragon Enterprise Lit., | 40.00 | 362.11091724 INN 2003 | 03/10/2016 | C-2 | Books | |||||
| Dewey Decimal Classification | Not For Loan | Non-fiction | Central Library, University of Rajshahi | Central Library, University of Rajshahi | Reading Room | 28/05/2006 | Paragon Enterprises Dhaka | 40.00 | 362.11091724 INN 2003 | 28/12/2016 | C-1 | Books |